000 01610nam a2200313 4500
003 EC-UNACH
005 20260212170933.0
006 s||||gr|||| 00| 00
008 150116t9999 mx r gr 000 0 spa d
020 _a9786071517906
040 _aEC-UNACH
_cEC-UNACH
041 _aspa
082 0 4 _223
_a302.2
_bL017811
100 _aDe Santis, Andrea / Torres-Toukoumidis Ángel
245 _aPerspectivas transdisciplinarias sobre la comunicación estratégica digital
250 _aPrimera edición
264 _aMéxico
_bMcGraw Hill
_c2022
300 _a102 páginas
_bTablas, figuras
_c16 X 23 cm
505 _aUso estratégico de la planificación para campañas publicitarias. -- La publicidad y la pandemia de covid-19 en Brasil: estética del aislamiento. -- Comunicación estratégica de la investigación. Hacia la definición de un nuevo modelo. -- Educación de las audiencias y desinformación en las redes sociales. -- Cultura, tecnología y comunicación. Una aproximación con actitud copyleft. -- Canales digitales para la difusión de políticas públicas sanitarias. -- Participación ciudadana en la construcción de la democracia participativa. Apuntes sobre el escenario latinoamericano. -- Sistemas de comunicación en la gestión operativas de la crisis.
650 _aREDES SOCIALES
650 _aCAMPAÑAS PUBLICITARIAS
650 _aDESINFORMACIÓN
650 _aACTITUD COPYLEFT
942 _2ddc
_c1
999 _c13605